000 00905nam a22002297a 4500
999 _c12039
_d12039
003 AR-CdUCM
008 190405b ||||| |||| 00| 0 spa d
040 _aMUNICIPALIDAD PROVINCIAL DEL CUSCO
_cBIBLIOTECA MUNICIPAL DEL CUSCO
082 _aC / 376.51 /
_bC93
100 _aCuadros Villena, Carlos Ferdinand
_926971
245 _aUniversidad y emancipación nacional /
260 _aCusco :
_bH. G. Rozas,
_c1958.
300 _a75 páginas ;
_bcuadros,
_c24 cm.
500 _aCentro de Estudios Jurídicos.
505 _aContenido: el pensamiento reformista de la Universidad Peruana -- Esquema de la realidad Peruana -- Realidad Universitaria actual -- La nueva Universidad Peruana.
650 _aRealidad Universitaria
_929700
650 _aPerú
_935
650 _aReforma Universitaria
_91992
700 _aValencia, Miguel (cubierta)
_929701
942 _2ddc
_cLIBROS
945 _aachl
_d2019-04-05